Управление затратами на предприятии: учебник для бакалавров и специалистов

Detaylı Bibliyografya
Yazar: Лебедев В. Г.
Diğer Yazarlar: Дроздова Т. Г. (редактор), Кустарев В. П., Краюхин Г. А.
Özet:Посвящается 105-летию Санкт-Петербургского государственного инженерно-экономического университета (ИНЖЭКОН).
Dil:Rusça
Baskı/Yayın Bilgisi: СПб., Питер, 2012
Edisyon:5-е изд.
Seri Bilgileri:Учебник для вузов
Стандарт третьего поколения
Konular:
Materyal Türü: MixedMaterials Kitap
KOHA link:https://koha.lib.tpu.ru/cgi-bin/koha/opac-detail.pl?biblionumber=204617

MARC

LEADER 00000nam0a2200000 4500
001 204617
005 20231101225228.0
010 |a 9785459010213 
035 |a (RuTPU)RU\TPU\book\223055 
035 |a BOOK00028136 
035 |a RU\TPU\book\28061 
090 |a 204617 
100 |a 20011209d2012 m y0rusy50 ca 
101 0 |a rus 
102 |a RU 
105 |a a j 011zy 
200 1 |a Управление затратами на предприятии  |e учебник для бакалавров и специалистов  |f В. Г. Лебедев, Т. Г. Дроздова, В. П. Кустарев  |g под ред. Г. А. Краюхина 
205 |a 5-е изд. 
210 |a СПб.  |c Питер  |d 2012 
215 |a 588 с.  |c ил. 
225 1 |a Учебник для вузов 
225 1 |a Стандарт третьего поколения 
300 |a Посвящается 105-летию Санкт-Петербургского государственного инженерно-экономического университета (ИНЖЭКОН). 
320 |a Библиогр.: с. 586-588. 
606 1 |a Предприятия  |x Экономика  |x Управление  |2 stltpush  |3 (RuTPU)RU\TPU\subj\36690  |9 57983 
610 1 |a управление 
610 1 |a затраты 
610 1 |a продукция 
610 1 |a качество 
610 1 |a запасы 
610 1 |a управление 
610 1 |a прибыльность 
610 1 |a учет 
610 1 |a контроль 
610 1 |a анализ 
610 1 |a малые предприятия 
610 1 |a компьютеризация 
610 1 |a учебники 
686 |a У9(2)29-2я73  |v LBC/SL-A  |2 rubbk 
700 1 |a Лебедев  |b В. Г. 
701 1 |a Дроздова  |b Т. Г. 
701 1 |a Кустарев  |b В. П. 
702 1 |a Краюхин  |b Г. А.  |4 340 
801 1 |a RU  |b 63413507  |c 20111129 
801 2 |a RU  |b 63413507  |c 20150528  |g RCR 
900 |a Управление затратами 
942 |c BK 
951 |b 080200 
959 |a 97/20111129  |d 2  |e 0,00  |f ЧЗГЛ:1  |f АНЛ:1